| 000 | 00530nam a22001937a 4500 | ||
|---|---|---|---|
| 003 | SISC | ||
| 005 | 20181015075921.0 | ||
| 008 | 130322t xxu||||| |||| 00| 0 eng d | ||
| 020 | _a9812471979 | ||
| 050 |
_aHB 171.5 _b.C337 2005 |
||
| 082 |
_aTR 330 _bC26 2005 |
||
| 245 |
_aPrinciples and foundations of economics/ _cCase, Karl E. |
||
| 250 | _a7th ed. | ||
| 260 |
_aSingapore : _bPearson Prentice Hall , _cc2004. |
||
| 300 |
_axlv, 750 p : _bcol. ill. ; _c28 cm. |
||
| 562 | _e1 | ||
| 942 |
_2lcc _cBK |
||
| 999 |
_c2704 _d2704 |
||